The Beautyful ones are not yet born / (Record no. 30234)

000 -LEADER
fixed length control field 00535nam a22001457a 4500
008 - FIXED-LENGTH DATA ELEMENTS--GENERAL INFORMATION
fixed length control field 190508b xxu||||| |||| 00| 0 eng d
020 ## - INTERNATIONAL STANDARD BOOK NUMBER
International Standard Book Number 9780435905408
050 ## - LIBRARY OF CONGRESS CALL NUMBER
Classification number AFR PR 9379.9 .A79B4 1975
100 ## - MAIN ENTRY--PERSONAL NAME
Personal name Armah,Ayi Kwei.
245 ## - TITLE STATEMENT
Title The Beautyful ones are not yet born /
Statement of responsibility, etc. Ayi Kwei Armah.
260 ## - PUBLICATION, DISTRIBUTION, ETC. (IMPRINT)
Place of publication, distribution, etc. England :
Name of publisher, distributor, etc. Pearson Education Limited,
Date of publication, distribution, etc. 1995.
300 ## - PHYSICAL DESCRIPTION
Extent 183p. :
Dimensions 20cm.
650 ## - SUBJECT ADDED ENTRY--TOPICAL TERM
Topical term or geographic name as entry element African literature
Form subdivision history and criticism /
942 ## - ADDED ENTRY ELEMENTS (KOHA)
Source of classification or shelving scheme
Koha item type Africana (Books)
Classification part AFR PR 9379.9 .A79B4 1975
Holdings
Withdrawn status Lost status Source of classification or shelving scheme Damaged status Not for loan Home library Current library Shelving location Date acquired Source of acquisition Cost, normal purchase price Total Checkouts Full call number Barcode Date last seen Date last checked out Price effective from Koha item type
          MACHAKOS UNIVERSITY LIBRARY MACHAKOS UNIVERSITY LIBRARY Africana 08/05/2019 purchase(corporate campus) 1150.00 2 AFR PR 9379.9 .A79B4 1975 38748 05/05/2026 28/06/2019 08/05/2019 Africana (Books)
          MACHAKOS UNIVERSITY LIBRARY MACHAKOS UNIVERSITY LIBRARY Africana 08/05/2019 purchase(corporate campus) 1150.00 63 AFR PR 9379.9 .A79B4 1975 38749 05/05/2026 15/04/2025 08/05/2019 Africana (Books)
          MACHAKOS UNIVERSITY LIBRARY MACHAKOS UNIVERSITY LIBRARY Africana 17/05/2024 Corporate Campus(E.A)ltd 2289.00   PR9379.9 .A79B4 1975 39834 02/05/2024   17/05/2024 Africana (Books)
          MACHAKOS UNIVERSITY LIBRARY MACHAKOS UNIVERSITY LIBRARY Africana 17/05/2024 Corporate Campus(E.A)ltd 2289.00 1 PR9379.9 .A79B4 1975 39833 14/10/2025 14/10/2025 17/05/2024 Africana (Books)
© Machakos University Library, Along The Highway, Machakos Wote Rd, Machakos, Kenya P.O. Box 136 - 90100 Machakos - Kenya

Tel: ( +254 ) 723 805829 OR Fax : 044-20353 OR Email: library@mksu.ac.ke